Statistiques concernant Docteurs et médecins célèbres

Cliquez ici pour prendre le quiz!

Statistiques générales

  • Ce quiz a été pris 237 fois
  • Le résultat moyen est 9 sur 24

Statistiques - réponses

IndiceRéponse% Correct
Père de la psychanalyseFreud
93%
On lui prête sermentHippocrate
80%
Jeu de société créé en 1965 : Docteur ...Maboul
80%
A écrit " Voyage au bout de la nuit" - prénommé Louis FerdinandCéline
70%
Ami de Sherlock HolmesWatson
66%
Hugh Laurie - série télévisée américaineHouse
58%
Il fut assassiné en 1793 dans son bainMarat
57%
C'est aussi Mister HydeJekyll
56%
Omar Sharif - film de David Lean de 1966Jivago
42%
On lui doit l'invention du stéthoscopeLaennec
42%
Illustre pédiatre prénommé Robert dont un hôpital parisien porte le nomDebré
39%
Père de PantagruelRabelais
38%
Eddie Murphy communique avec les animaux - film américain de Betty Thomas de 1998Dolittle
32%
Peter Sellers - film réalisé par Stanley Kubrick en 1964Folamour
28%
Il fut naufragé volontaire - prénommé AlainBombard
25%
Louis Jouvet - film réalisé par Guy Lefranc en 1951Knock
24%
Jane Seymour - série télévisée américaineQuinn
24%
Film de 1996 : l'île du Docteur ....Moreau
20%
Fritz Lang lui a consacré plusieurs filmsMabuse
18%
Commandant du "Pourquoi pas"Charcot
16%
George Clooney dans la série américaine "Urgences"Ross
15%
Son nom fait tremblerParkinson
12%
Annie Girardot - film réalisé par Jean-Louis Bertuccelli en 1976Gailland
8%
Jérôme Anger - série télévisée française de 1995Sylvestre
4%

Distribution des résultats

Percentile par nombre de réponses

% des personnes avec chaque résultat

Votre développement - résultats

Vous n’avez pas pris ce quiz